A field guide to Rocky Mountain wildflowers : (Record no. 72724)
[ view plain ]
| 000 -LEADER | |
|---|---|
| fixed length control field | 01123nam a2200277 a 4500 |
| 001 - CONTROL NUMBER | |
| control field | 72724 |
| 003 - CONTROL NUMBER IDENTIFIER | |
| rucl marc code | BD-RjUL |
| 005 - DATE AND TIME OF LATEST TRANSACTION | |
| control field | 20211209082313.0 |
| 008 - FIXED-LENGTH DATA ELEMENTS--GENERAL INFORMATION | |
| fixed length control field | 170522s1963 maua b 001 0 eng d |
| 035 ## - SYSTEM CONTROL NUMBER | |
| System control number | (BD-RjUL)72942 |
| 040 ## - CATALOGING SOURCE | |
| Original cataloging agency | DLC |
| Transcribing agency | DLC |
| Modifying agency | BD-RjUL |
| Language of cataloging | eng |
| 041 ## - LANGUAGE CODE | |
| Language code of text/sound track or separate title | eng |
| 082 00 - DEWEY DECIMAL CLASSIFICATION NUMBER | |
| Edition number | 23 |
| Classification number | 582.130978 |
| Author mark and year | CRA 1963 |
| 100 1# - MAIN ENTRY--PERSONAL NAME | |
| Personal name | Craighead, John J. |
| Fuller form of name | (John Johnson), |
| Dates associated with a name | 1916-2016 |
| 9 (RLIN) | 215115 |
| 245 12 - TITLE STATEMENT | |
| Title | A field guide to Rocky Mountain wildflowers : |
| Remainder of title | from northern Arizona and New Mexico to British Columbia / |
| Statement of responsibility, etc. | by John J. Craighead, Frank C. Craighead, [and] Ray J. Davis. Color plates by the authors. Drawings by Grant O. Hagen and Eduardo Salgado. |
| 260 ## - PUBLICATION, DISTRIBUTION, ETC. (IMPRINT) | |
| Place of publication, distribution, etc. | Boston : |
| Name of publisher, distributor, etc. | Houghton Mifflin, |
| Date of publication, distribution, etc. | c1963. |
| 300 ## - PHYSICAL DESCRIPTION | |
| Pagination | xxxvi, 277 p. : |
| Illustrations | ill. ; |
| Size | 19 cm. |
| 490 0# - SERIES STATEMENT | |
| Series statement | The Peterson field guide series, |
| Volume/sequential designation | 14 |
| 504 ## - BIBLIOGRAPHY, ETC. NOTE | |
| Bibliography, etc | Includes bibliographies and indexes. |
| 650 #0 - SUBJECT ADDED ENTRY--TOPICAL TERM | |
| Topical term or geographic name as entry element | Wild flowers |
| Geographic subdivision | Rocky Mountains |
| 9 (RLIN) | 215116 |
| 700 ## - ADDED ENTRY--PERSONAL NAME | |
| Personal name | Craighead, Frank C. |
| Fuller form of name | joint author |
| Personal name | Davis, Ray J. |
| Fuller form of name | joint author |
| 830 ## - SERIES ADDED ENTRY--UNIFORM TITLE | |
| Uniform title | The Peterson field guide series, |
| Volume number/sequential designation | 14 |
| 942 ## - ADDED ENTRY ELEMENTS (KOHA) | |
| Source of classification or shelving scheme | Dewey Decimal Classification |
| Koha item type | Books |
| Lost status | Source of classification or shelving scheme | Damaged status | Not for loan | Collection code | Permanent Location | Current Location | Shelving location | Date acquired | Source of acquisition | Cost, normal purchase price | Total Checkouts | Full call number | Date last seen | Copy number | Koha item type |
|---|---|---|---|---|---|---|---|---|---|---|---|---|---|---|---|
| Dewey Decimal Classification | Not For Loan | Non-fiction | Central Library, University of Rajshahi | Central Library, University of Rajshahi | Reading Room | 03/06/1966 | Asia Foundation | 0.00 | 582.130978 CRA 1963 | 22/05/2017 | C-1 | Books |